000 00475nam a2200205Ia 4500
008 210210b1949 xxu||||| |||| 00| 0 eng d
041 _aeng
082 _a826/49
100 _aELVIN (L)
245 _aIntroduction to the study of literature
260 _aLondon
_bNot Mentioned
_c1949
650 _ato
650 _athe
650 _astudy
650 _aof
650 _aliterature
650 _aIntroduction
690 _aHistory of Literature
906 _a015598
999 _c134986
_d134986